<?xml version="1.0" encoding="UTF-8"?>
<record
    xmlns:xsi="http://www.w3.org/2001/XMLSchema-instance"
    xsi:schemaLocation="http://www.loc.gov/MARC21/slim http://www.loc.gov/standards/marcxml/schema/MARC21slim.xsd"
    xmlns="http://www.loc.gov/MARC21/slim">

  <leader>00403nam a2200157Ia 4500</leader>
  <controlfield tag="008">230718s9999    xx            000 0 und d</controlfield>
  <datafield tag="041" ind1=" " ind2=" ">
    <subfield code="a">eng</subfield>
  </datafield>
  <datafield tag="082" ind1=" " ind2=" ">
    <subfield code="a">954.02</subfield>
    <subfield code="b">PAL</subfield>
  </datafield>
  <datafield tag="100" ind1=" " ind2=" ">
    <subfield code="a">Palkhivala N.A.</subfield>
    <subfield code="9">113914</subfield>
  </datafield>
  <datafield tag="245" ind1=" " ind2=" ">
    <subfield code="a">We The Nation The Lost Decades</subfield>
  </datafield>
  <datafield tag="260" ind1=" " ind2=" ">
    <subfield code="c">1994</subfield>
    <subfield code="b">UBSPD</subfield>
  </datafield>
  <datafield tag="300" ind1=" " ind2=" ">
    <subfield code="a">332</subfield>
  </datafield>
  <datafield tag="365" ind1=" " ind2=" ">
    <subfield code="c">Rs.</subfield>
    <subfield code="b">75.00</subfield>
  </datafield>
  <datafield tag="700" ind1=" " ind2=" ">
    <subfield code="a">Palkhivala N.A.</subfield>
    <subfield code="9">113914</subfield>
  </datafield>
  <datafield tag="906" ind1=" " ind2=" ">
    <subfield code="d">B:130404-Oct-1995</subfield>
    <subfield code="c">OTH</subfield>
    <subfield code="b">15</subfield>
  </datafield>
  <datafield tag="999" ind1=" " ind2=" ">
    <subfield code="c">294257</subfield>
    <subfield code="d">294257</subfield>
  </datafield>
  <datafield tag="952" ind1=" " ind2=" ">
    <subfield code="0">0</subfield>
    <subfield code="1">0</subfield>
    <subfield code="4">0</subfield>
    <subfield code="7">0</subfield>
    <subfield code="a">CCEP</subfield>
    <subfield code="b">CCEP</subfield>
    <subfield code="d">1995-11-02</subfield>
    <subfield code="e">Mehul Book Depot</subfield>
    <subfield code="f">OTH</subfield>
    <subfield code="g">60.00</subfield>
    <subfield code="i">1304</subfield>
    <subfield code="l">2</subfield>
    <subfield code="o">954.02</subfield>
    <subfield code="p">CCEP-BK-5462</subfield>
    <subfield code="r">2025-06-04 00:00:00</subfield>
    <subfield code="s">2025-05-13</subfield>
    <subfield code="t">15</subfield>
    <subfield code="v">75.00</subfield>
    <subfield code="w">1995-10-04</subfield>
    <subfield code="y">BK</subfield>
    <subfield code="z">005462</subfield>
  </datafield>
</record>
